Jose Rizal : (Record no. 10362)

MARC details
000 -LEADER
fixed length control field 00949nam a22002657i 4500
003 - CONTROL NUMBER IDENTIFIER
control field URS
005 - DATE AND TIME OF LATEST TRANSACTION
control field 20250429215648.0
008 - FIXED-LENGTH DATA ELEMENTS--GENERAL INFORMATION
fixed length control field 180716b xxu||||| |||| 00| 0 eng d
020 ## - INTERNATIONAL STANDARD BOOK NUMBER
International Standard Book Number 9789712733239
040 ## - CATALOGING SOURCE
Description conventions rda
Transcribing agency URS
Language of cataloging English
050 ## - LIBRARY OF CONGRESS CALL NUMBER
Classification number DS675.8.R62
Item number Z13jo 2014
100 ## - MAIN ENTRY--PERSONAL NAME
Personal name Zaide, Gregorio F.,
Relator term author.
245 ## - TITLE STATEMENT
Title Jose Rizal :
Remainder of title life, works, and writings of a genius, writer, scientist and national hero /
Statement of responsibility, etc Gregorio F. Zaide, Sonia M. Zaide.
250 ## - EDITION STATEMENT
Edition statement Second edition.
264 ## - PUBLICATION, DISTRIBUTION, ETC. (IMPRINT)
Place of publication, distribution, etc Mandaluyong City, Philippines :
Name of publisher, distributor, etc Anvil Publishing Incorporated,
Date of publication, distribution, etc ©2014.
300 ## - PHYSICAL DESCRIPTION
Extent xxxii, 438 pages ;
Dimensions 22 cm.
336 ## - CONTENT TYPE
Content type term text
Content type code txt
Source rdacontent
337 ## - MEDIA TYPE
Media type term unmediated
Media type code n
Source rdamedia
338 ## - CARRIER TYPE
Carrier type term volume
Carrier type code nc
Source rdacarrier
504 ## - BIBLIOGRAPHY, ETC. NOTE
Bibliography, etc Includes bibliographical references and index.
650 #0 - SUBJECT ADDED ENTRY--TOPICAL TERM
Topical term or geographic name as entry element Rizal, Jose, 1861-1896.
650 #0 - SUBJECT ADDED ENTRY--TOPICAL TERM
Topical term or geographic name as entry element Nationalists
Form subdivision Philippines
General subdivision Biography.
700 ## - ADDED ENTRY--PERSONAL NAME
Personal name Zaide, Sonia M.
Relator term author.
942 ## - ADDED ENTRY ELEMENTS (KOHA)
Source of classification or shelving scheme Library of Congress Classification
Koha item type Filipiniana
Holdings
Withdrawn status Lost status Source of classification or shelving scheme Damaged status Not for loan Collection code Home library Current library Shelving location Date acquired Source of acquisition Total Checkouts Full call number Barcode Date last seen Date checked out Copy number Koha item type
    Library of Congress Classification     Non-fiction Taytay College Library Taytay College Library Filipiniana Section 07/16/2018 Purchased 1 DS675.8.R62 Z13jo 2014 URSTAY-4139 10/28/2025 09/03/2025 1 Filipiniana
    Library of Congress Classification     Non-fiction Taytay College Library Taytay College Library Filipiniana Section 07/16/2018 Purchased   DS675.8.R62 Z13jo 2014 URSTAY-4140 06/02/2025   2 Filipiniana
    Library of Congress Classification     Non-fiction Taytay College Library Taytay College Library Filipiniana Section 07/16/2018 Purchased   DS675.8.R62 Z13jo 2014 URSTAY-4141 06/02/2025   3 Filipiniana
    Library of Congress Classification     Non-fiction Taytay College Library Taytay College Library Filipiniana Section 07/16/2018 Purchased   DS675.8.R62 Z13jo 1999 URSTAY-4142 07/02/2025   2 Filipiniana
    Library of Congress Classification     Non-fiction Taytay College Library Taytay College Library Filipiniana Section 06/16/2023 Purchased   DS675.8.R62 Z13jo 1999 URSTAY-648 06/02/2025   1 Filipiniana

University of Rizal System
Email us at univlibservices@urs.edu.ph

Visit our Website www.urs.edu.ph/library